00536nam a2200181Ia 450000500170000000800410001702000180005808200210007610000120009724500440010926000500015330000150020365000100021865000080022894200060023695200970024299900150033920250109045307.0240331s9999 xx 000 0 und d a9788172235031 bJOH21659a305.3 aGray, J 0aMen are from Mars, Women are from Venus aUttar PradeshbHarperCollins Publishersc2010 ax, 286 p., aWomen aMen cL 001040708LaWERCLbWERCLcSSCd2024-03-31l0o 305.3 GRAp1659r2024-03-31w2024-03-31yL c5032d5032